| 000 | 00348nam a22001457a 4500 | ||
|---|---|---|---|
| 020 | _a978-1-47113-182-0 | ||
| 041 | _aENG | ||
| 100 | _a Covey.S.R | ||
| 245 | _aThe 7 Habits of Highly Effective People | ||
| 250 | _a25th Edition | ||
| 260 |
_aNew Delhi _bSimon &Schuster _c2004 |
||
| 300 | _a391 | ||
| 650 | _aEngilsh / General | ||
| 856 | _uEngilsh | ||
| 999 |
_c95 _d95 |
||